<?xml version="1.0" encoding="UTF-8"?>
<record
    xmlns:xsi="http://www.w3.org/2001/XMLSchema-instance"
    xsi:schemaLocation="http://www.loc.gov/MARC21/slim http://www.loc.gov/standards/marcxml/schema/MARC21slim.xsd"
    xmlns="http://www.loc.gov/MARC21/slim">

  <leader>00840nam a22002657a 4500</leader>
  <controlfield tag="005">20170123162354.0</controlfield>
  <datafield tag="010" ind1=" " ind2=" ">
    <subfield code="a">A-842266</subfield>
  </datafield>
  <datafield tag="020" ind1=" " ind2=" ">
    <subfield code="c">4.50</subfield>
  </datafield>
  <datafield tag="035" ind1=" " ind2=" ">
    <subfield code="a">A-842266</subfield>
  </datafield>
  <datafield tag="037" ind1=" " ind2=" ">
    <subfield code="b">Cen Lib/Ret</subfield>
  </datafield>
  <datafield tag="040" ind1=" " ind2=" ">
    <subfield code="a">DPL</subfield>
    <subfield code="b">UR</subfield>
  </datafield>
  <datafield tag="082" ind1=" " ind2=" ">
    <subfield code="a">840.4</subfield>
    <subfield code="b">&#x62F; &#x6D2; &#x648; </subfield>
  </datafield>
  <datafield tag="100" ind1=" " ind2=" ">
    <subfield code="a">&#x627;&#x633;&#x631;&#x60C;&#x62F;&#x6CC;&#x648;&#x646;&#x62F;&#x631; </subfield>
    <subfield code="9">137915</subfield>
  </datafield>
  <datafield tag="245" ind1=" " ind2=" ">
    <subfield code="a">/ &#x627;&#x62F;&#x628; &#x627;&#x648;&#x631; &#x62C;&#x62F;&#x6CC;&#x62F; &#x632;&#x6C1;&#x646; </subfield>
    <subfield code="c">&#x62F;&#x6CC;&#x648;&#x646;&#x62F;&#x631; &#x627;&#x633;&#x631;</subfield>
  </datafield>
  <datafield tag="246" ind1=" " ind2=" ">
    <subfield code="a">Adab aur jadeed zahen /</subfield>
    <subfield code="b">by Devindra Issar </subfield>
  </datafield>
  <datafield tag="260" ind1=" " ind2=" ">
    <subfield code="a">&#x62F;&#x6C1;&#x644;&#x6CC; </subfield>
    <subfield code="b">&#x645;&#x6A9;&#x62A;&#x628;&#x6C1; &#x634;&#x627;&#x6C1;&#x631;&#x627;&#x6C1; </subfield>
    <subfield code="c">1968</subfield>
  </datafield>
  <datafield tag="270" ind1=" " ind2=" ">
    <subfield code="a">&#x627;&#x631;&#x62F;&#x648; &#x628;&#x627;&#x632;&#x627;&#x631; </subfield>
    <subfield code="b">&#x62F;&#x6C1;&#x644;&#x6CC; </subfield>
  </datafield>
  <datafield tag="300" ind1=" " ind2=" ">
    <subfield code="a">209p.</subfield>
    <subfield code="c">14cm(Hb)</subfield>
  </datafield>
  <datafield tag="500" ind1=" " ind2=" ">
    <subfield code="a">&#x628;&#x6CC;&#x628;&#x644;&#x648;&#x6AF;&#x631;&#x627;&#x641;&#x6D2; </subfield>
  </datafield>
  <datafield tag="650" ind1=" " ind2=" ">
    <subfield code="a">&#x627;&#x631;&#x62F;&#x648; &#x627;&#x62F;&#x628; </subfield>
    <subfield code="9">137916</subfield>
  </datafield>
  <datafield tag="650" ind1=" " ind2=" ">
    <subfield code="a">&#x627;&#x631;&#x62F;&#x648; &#x627;&#x62F;&#x628; </subfield>
    <subfield code="x">&#x62A;&#x646;&#x642;&#x6CC;&#x62F;</subfield>
    <subfield code="9">137917</subfield>
  </datafield>
  <datafield tag="650" ind1=" " ind2=" ">
    <subfield code="a">Urdu Literatures</subfield>
    <subfield code="9">137918</subfield>
  </datafield>
  <datafield tag="650" ind1=" " ind2=" ">
    <subfield code="a">Urdu Literature</subfield>
    <subfield code="x">Criticism</subfield>
    <subfield code="9">380</subfield>
  </datafield>
  <datafield tag="942" ind1=" " ind2=" ">
    <subfield code="2">ddc</subfield>
    <subfield code="c">UR</subfield>
    <subfield code="h">840.4</subfield>
    <subfield code="m">&#x62F; &#x6D2; &#x648; </subfield>
  </datafield>
  <datafield tag="999" ind1=" " ind2=" ">
    <subfield code="c">109463</subfield>
    <subfield code="d">109463</subfield>
  </datafield>
  <datafield tag="952" ind1=" " ind2=" ">
    <subfield code="0">0</subfield>
    <subfield code="1">0</subfield>
    <subfield code="4">0</subfield>
    <subfield code="7">0</subfield>
    <subfield code="a">L</subfield>
    <subfield code="b">L</subfield>
    <subfield code="d">2016-03-12</subfield>
    <subfield code="e">Cen Lib/Ref</subfield>
    <subfield code="g">4.50</subfield>
    <subfield code="l">0</subfield>
    <subfield code="o">840.4 &#x62F; &#x6D2; &#x648;</subfield>
    <subfield code="p">A-842266</subfield>
    <subfield code="r">2016-03-12 00:00:00</subfield>
    <subfield code="t">1</subfield>
    <subfield code="v">4.50</subfield>
    <subfield code="w">2016-03-12</subfield>
    <subfield code="y">UR</subfield>
  </datafield>
</record>
